Elementos de derecho privado romano

-д хадгалсан:
Номзүйн дэлгэрэнгүй
Үндсэн зохиолч: Ors, Álvaro d' (autor)
Формат: Ном
Хэл сонгох:испани
Хэвлэсэн: Pamplona Eunsa 1992
Хэвлэл:3a. ed
Нөхцлүүд:
Шошгууд: Шошго нэмэх
Шошго байхгүй, Энэхүү баримтыг шошголох эхний хүн болох!

MARC

LEADER 00000nam a2200000 a 4500
001 UCM7776
003 CL-VaPUC
005 20230602123400.0
008 030110e19920000SP |||||||||||||||||spa|d
999 |c 302448  |d 302446 
040 |c Pontificia Universidad Católica de Valparaíso 
082 0 4 |a 340.54  |b ORS  |2 21 
100 |a Ors, Álvaro d'  |e autor  |9 878430 
245 1 0 |a Elementos de derecho privado romano 
250 |a 3a. ed 
260 |a Pamplona  |b Eunsa  |c 1992 
300 |a 165 p 
583 |a last modification  |c 20030110 00:00:00  |k Rodrigo Vera 
650 0 |a Derecho romano  |9 255930 
650 0 |a Adquisición de la propiedad   |9 258291 
650 0 |a Herencia  |9 256325 
650 0 |a Esclavos  |9 258558 
650 0 |a Patria potestad  |9 369365 
650 0 |a Tutela  |9 259125 
942 |c BK  |2 ddc 
945 |d 20030110 00:00:00  |a cmena 
952 |0 0  |1 0  |4 0  |6 340_540000000000000_ORS_1992  |7 0  |8 A  |9 363029  |a BIBHIS  |b BIBHIS  |d 2019-11-21  |i 3876217  |o 340.54 ORS 1992  |p 3876217  |r 2025-01-20  |w 2019-11-21  |y BK  |k HIS